| 000 -LEADER |
| fixed length control field |
00658nam a2200229Ia 4500 |
| 001 - CONTROL NUMBER |
| control field |
5689 |
| 003 - CONTROL NUMBER IDENTIFIER |
| control field |
GE_BSU |
| 008 - FIXED-LENGTH DATA ELEMENTS--GENERAL INFORMATION |
| fixed length control field |
181216s||||||||xx |||||||||||||| ||und|| |
| 040 ## - CATALOGING SOURCE |
| Transcribing agency |
GE_BSU |
| 080 ## - UNIVERSAL DECIMAL CLASSIFICATION NUMBER |
| Universal Decimal Classification number |
159.98 |
| 100 ## - MAIN ENTRY--PERSONAL NAME |
| Personal name |
Ковалёв А.Г. |
| 245 ## - TITLE STATEMENT |
| Title |
Психология семейного воспитания. |
| 245 ## - TITLE STATEMENT |
| Statement of responsibility, etc. |
Ред.З. лифанов |
| 260 ## - PUBLICATION, DISTRIBUTION, ETC. |
| Place of publication, distribution, etc. |
Минск |
| 260 ## - PUBLICATION, DISTRIBUTION, ETC. |
| Name of publisher, distributor, etc. |
Народная Асвета |
| 260 ## - PUBLICATION, DISTRIBUTION, ETC. |
| Date of publication, distribution, etc. |
1989 |
| 300 ## - PHYSICAL DESCRIPTION |
| Extent |
253 с. 20 см. |
| 653 ## - INDEX TERM--UNCONTROLLED |
| Uncontrolled term |
Психология |
| 653 ## - INDEX TERM--UNCONTROLLED |
| Uncontrolled term |
Психология семейного воспитания. |
| 653 ## - INDEX TERM--UNCONTROLLED |
| Uncontrolled term |
ფსიქოლოგია |
| 942 ## - ADDED ENTRY ELEMENTS (KOHA) |
| Koha item type |
წიგნი |